Λεξικόν της καρπαθιακής διαλέκτου

Αποθηκεύτηκε σε:
Λεπτομέρειες βιβλιογραφικής εγγραφής
Κύριος συγγραφέας: Μιχαηλίδης-Νουάρος, Μιχαήλ Γ., 1877-1954
Μορφή: Βιβλίο
Γλώσσα:Greek
Δημοσίευση: Αθήνα : 1972
Σειρά:Καρπαθιακά μνημεία
Θέματα:
Ετικέτες: Προσθήκη ετικέτας
Δεν υπάρχουν, Καταχωρήστε ετικέτα πρώτοι!

MARC

LEADER 00000cam a2200000 i 4500
001 1/96954
008 950127s1972 gre d
035 |l 10010376 
040 |a GR-MY-UA  |b gre  |e aacr 
041 0 |a gre 
082 0 |a 489.3703 
100 1 |a Μιχαηλίδης-Νουάρος, Μιχαήλ Γ.,   |d 1877-1954. 
245 1 0 |a Λεξικόν της καρπαθιακής διαλέκτου /  |c Μιχαήλ Γ. Μιχαηλίδης-Νουάρου 
260 |a Αθήνα :   |c 1972 
300 |a 430 σ. 
490 1 |a Καρπαθιακά μνημεία 
650 0 0 |a Greek language  |x Dialects  |z Greece  |z Karpathos (Municipality) 
650 0 0 |a Greek language  |x Dialects  |x Dictionaries. 
830 0 |a Καρπαθιακά μνημεία 
852 |a INST  |b LESVOS  |e 19950127  |h 489.3703 ΜΙΧ  |p 005100020525  |q 005100020525  |t REF  |y 23 
909 |a Λ  |b 011164 
970 |z 2000/05/ΟΙΚΟΝΟΜΟΠΟΥΛΟΥ ΧΡΙΣΤΙΝΑ